| 000 | 00520pam a2200157 a 4500 | ||
|---|---|---|---|
| 999 |
_c6931 _d6931 |
||
| 020 | _a0534357806 (pbk. : alk. paper) | ||
| 050 | 0 | 0 |
_aHA29 _b.G78 |
| 100 | 1 | _aGravetter, Frederick J. | |
| 245 | 1 | 0 |
_aEssentials of statistics for the behavioral sciences / _cFrederick J. Gravetter, Larry B. Wallnau. |
| 250 | _a3rd ed. | ||
| 260 |
_aPacific Grove : _bBrooks/Cole, _cc1999. |
||
| 300 |
_axx, 458, 66 p. : _bcol. ill. ; _c26 cm. |
||
| 650 | 0 |
_aSocial sciences _xStatistical methods. |
|
| 700 | 1 | _aWallnau, Larry B. | |
| 942 | _cBK | ||